1618 1800 1676 1968 1859 1947 1845 1760 1600 1770 1997 1147 1526 1947 1082 1423 1659 1556 1597 1765 1530 1790 1043 1685 1868 1491 1935 1944 1128 1105 1958 1911 1752 1952 1991 1804 1427 1895 1142 1114 1034 1874 1245 1430 1707 1584 1064 1281 1962 1165 1948 1472 1563 1846 1947 1716 1567 1951 1407 1185 1917 1778 1264 1798 1290 1177 1932 1614 1015 1200 1420 1944 1506 1799 1275 1027 1753 1172 1864 1241 1933 1393 1067 1359 1466 1045 1476 1873 1884 1897 1655 1349 1729 1423 1491 1747 1082 1287 1146 BCNSPRNW ULIB Ver.6.0+V

เปลี่ยนเป็นภาษาไทย

Change to English
 แสดงรายละเอียดบรรณานุกรม
  กลับหน้าหลัก

Brief Record : Get Marc (ISO 2709) : E-mail record : QR code < ปิดหน้าต่าง
LEADER : 00000nam 2200000uu 4500
001    13399123890
003     ULIB
008    141214s2556||||th 000 0 tha d
020    ^a9786167530482
060  4 ^aWI140^bก125ด
100 0  ^aกนกอร บุญพิทักษ์
245 10 ^aดูแลกระเพาะอาหารและลำไส้ /^cกนกอร บุญพิทักษ์
260    ^aกรุงเทพฯ :^bFeel Good,^c2556
300    ^a221 หน้า :^bภาพประกอบ
500    ^aชื่อเรื่องจากปกนอก
650  7 ^aระบบกระเพาะอาหารและลำไส้^xโรค^xการรักษา
650  7 ^aวิทยากระเพาะอาหารและลำไส้
650  7 ^aระบบกระเพาะอาหารและลำไส้, โรค^xการรักษา
945    ^p170^l0^i22544
945    ^p170^l0^i22545
999    ^aทศพร เกษรทอง
รายการนี้ยังไม่มีแท็ก
คุณยังไม่ได้ล็อกอิน คุณสามารถมีกิจกรรมร่วมกับเว็บไซต์ได้ แต่ต้องล็อกอินก่อน ::
  ล็อกอิน

รายการสื่อสารสนเทศ

ลำดับที่ ประเภท เลขเรียก/บาร์โค้ด สถานที่ สถานะ
1. วิทยาศาสตร์การแพทย์ และสุขภาพ
วิทยาศาสตร์การแพทย์ และสุขภาพ
สถานะ=หนังสือเก่า
WI140 ก125ด ฉ.1 
  Barcode: 22544
ห้องสมุดวิทยาเขตนครสวรรค์
►ส่วนจัดเก็บหนังสือเก่า นว.
บนชั้น
  ขอยืม
2. วิทยาศาสตร์การแพทย์ และสุขภาพ
วิทยาศาสตร์การแพทย์ และสุขภาพ
สถานะ=หนังสือเก่า
WI140 ก125ด ฉ.2 
  Barcode: 22545
ห้องสมุดวิทยาเขตนครสวรรค์
►ส่วนจัดเก็บหนังสือเก่า นว.
บนชั้น
  ขอยืม

รายการใกล้เคียง
    ผู้แต่ง [กนกอร บุญพิทักษ์]

    หัวเรื่อง [วิทยากระเพาะอาหารและลำไส้]

BibComment


ยังไม่เคยถูกคอมเมนท์

คอมเมนท์ทรัพยากรรายการนี้
  คอมเมนท์: ดูแลกระเพาะอาหาร..


 Copyright 2026. Bcnsprnw @Library